1451 1233 1022 1021 1790 1872 1781 1309 1826 1543 1983 1320 1734 1532 1131 1638 1861 1523 1088 1518 1553 1579 1534 1658 1917 1618 1923 1536 1203 1402 1154 1917 1911 1898 1985 1878 1805 1873 1343 1697 1732 1158 1253 1312 1762 1791 1754 1932 1147 1663 1244 1670 1996 1387 1072 1599 1399 1460 1450 1108 1486 1129 1606 1903 1890 1886 1105 1184 1097 1440 1655 1976 1796 1706 1206 1459 1713 1932 1649 1072 1399 1674 1514 1605 1429 1782 1084 1138 1191 1127 1659 1090 1174 1690 1856 1362 1720 1759 1894 BCNSPRNW ULIB Ver.6.0+V

เปลี่ยนเป็นภาษาไทย

Change to English
 แสดงรายละเอียดบรรณานุกรม
  กลับหน้าหลัก

Brief Record : Get Marc (ISO 2709) : E-mail record : QR code < ปิดหน้าต่าง
LEADER : 00000nam 2200000uu 4500
001    13399124091
003     ULIB
008    150115s2556||||th 000 0 tha d
020    ^a9789740330882
060  4 ^aWC200^bว386ก
100 0  ^aวัชรินทร์ รังษีภาณุรัตน์
245 00 ^aการวินิจฉัยโรคติดเชื้อแบคทีเรียทางการแพทย์ /^cวัชรินทร์ รังษีภาณุรัตน์
250    ^aพิมพ์ครั้งที่ 4 ( 25 ก.ค.57 )
260    ^aกรุงเทพฯ :^bสำนักพิมพ์แห่งจุฬาลงกรณ์มหาวิทยาลัย,^c2556
300    ^a350 หน้า :^bภาพประกอบ ; ตาราง ;^c26 ซม.
650  7 ^aโรคเกิดจากการติดเชื้อแบคทีเรีย
650  7 ^aการวินิจฉัยโรคทางห้องปฏิบัติการ
650  7 ^aโรคเกิดจากแบคทีเรีย--การวินิจฉัย
700 0  ^aอิสยา จันทร์วิทยานุชิต
700 0  ^aพรทิพย์ พึ่งม่วง
700 0  ^aสมหญิง งามอุรุเลิศ
700 0  ^aสุมลรัตน์ ชูวงษ์วัฒนะ
945    ^p400^l0^i038238
945    ^p400^l0^i038239
945    ^p400^l0^i038240
945    ^p400^l0^i038241
945    ^p400^l0^i038242
945    ^p400^l0^i038243
945    ^p400^l0^i038244
999    ^aเกษร โพธิ์สุวรรณ
รายการนี้ยังไม่มีแท็ก
คุณยังไม่ได้ล็อกอิน คุณสามารถมีกิจกรรมร่วมกับเว็บไซต์ได้ แต่ต้องล็อกอินก่อน ::
  ล็อกอิน

รายการสื่อสารสนเทศ

ลำดับที่ ประเภท เลขเรียก/บาร์โค้ด สถานที่ สถานะ
1. วิทยาศาสตร์การแพทย์ และสุขภาพ
หนังสือสำรอง
สถานะ=หนังสือสำรอง
WC200 ว386ก ฉ.1 
  Barcode: 038238
ห้องสมุดวิทยาเขตสวรรค์ประชารักษ์
►ส่วนจัดเก็บหนังสือเก่า สปร
บนชั้น
  ขอยืม
2. วิทยาศาสตร์การแพทย์ และสุขภาพ
วิทยาศาสตร์การแพทย์ และสุขภาพ
WC200 ว386ก ฉ.2 
  Barcode: 038239
ห้องสมุดวิทยาเขตสวรรค์ประชารักษ์
►ส่วนจัดเก็บหนังสือเก่า สปร
บนชั้น
  ขอยืม
3. วิทยาศาสตร์การแพทย์ และสุขภาพ
วิทยาศาสตร์การแพทย์ และสุขภาพ
WC200 ว386ก ฉ.3 
  Barcode: 038240
ห้องสมุดวิทยาเขตสวรรค์ประชารักษ์
►ส่วนจัดเก็บหนังสือเก่า สปร
บนชั้น
  ขอยืม
4. วิทยาศาสตร์การแพทย์ และสุขภาพ
วิทยาศาสตร์การแพทย์ และสุขภาพ
WC200 ว386ก ฉ.4 
  Barcode: 038241
ห้องสมุดวิทยาเขตสวรรค์ประชารักษ์
►ส่วนจัดเก็บหนังสือเก่า สปร
บนชั้น
  ขอยืม
5. วิทยาศาสตร์การแพทย์ และสุขภาพ
วิทยาศาสตร์การแพทย์ และสุขภาพ
WC200 ว386ก ฉ.5 
  Barcode: 038242
ห้องสมุดวิทยาเขตสวรรค์ประชารักษ์
►ส่วนจัดเก็บหนังสือเก่า สปร
บนชั้น
  ขอยืม
6. วิทยาศาสตร์การแพทย์ และสุขภาพ
วิทยาศาสตร์การแพทย์ และสุขภาพ
WC200 ว386ก ฉ.6 
  Barcode: 038243
ห้องสมุดวิทยาเขตสวรรค์ประชารักษ์
►ส่วนจัดเก็บหนังสือเก่า สปร
บนชั้น
  ขอยืม
7. วิทยาศาสตร์การแพทย์ และสุขภาพ
วิทยาศาสตร์การแพทย์ และสุขภาพ
WC200 ว386ก ฉ.7 
  Barcode: 038244
ห้องสมุดวิทยาเขตสวรรค์ประชารักษ์
►ส่วนจัดเก็บหนังสือเก่า สปร
บนชั้น
  ขอยืม

รายการใกล้เคียง
    ผู้แต่ง [วัชรินทร์ รังษีภาณุรัตน์]

    หัวเรื่อง [โรคเกิดจากการติดเชื้อแบคทีเรีย]
    หัวเรื่อง [การวินิจฉัยโรคทางห้องปฏิบัติการ]
    หัวเรื่อง [โรคเกิดจากแบคทีเรีย--การวินิจฉัย]

BibComment


ยังไม่เคยถูกคอมเมนท์

คอมเมนท์ทรัพยากรรายการนี้
  คอมเมนท์: การวินิจฉัยโรคติ..


 Copyright 2026. Bcnsprnw @Library